000 00811nam a2200241 u 4500
005 20250220063752.0
008 120210s2011 mx r 000 0 spa d
020 _a9786074131178
035 _aUPN01000183391
049 _aCG
050 4 _aLB1719 M6
_bD6.2
245 0 0 _aDocencia, identidades, organización y cultura escolar /
_ccoord. Luis Reyes García.
260 _aMéxico :
_bUPN,
_c2011.
300 _a248 p. :
_bgráfs., cuadros
440 0 _aHorizontes educativos.
_pDocencia
590 _a(También localizas un ejemplar en el "Area de Reserva")
650 4 _aMaestros
_xFormación profesional
_zMéxico
_9796
650 4 _aPrácticas de la enseñanza
_92849
650 4 _aEducación como profesión
_99220
700 1 _aReyes García, Luis,
_ecoord.
905 _aLibro
999 _c155494
_d155494